The Dinosaur book (Record no. 236324)
[ view plain ]
| 000 -LEADER | |
|---|---|
| fixed length control field | 00461nam a22001817a 4500 |
| 003 - CONTROL NUMBER IDENTIFIER | |
| control field | LK-CoDNM |
| 005 - DATE AND TIME OF LATEST TRANSACTION | |
| control field | 20250115124935.0 |
| 008 - FIXED-LENGTH DATA ELEMENTS--GENERAL INFORMATION | |
| fixed length control field | 250115b |||||||| |||| 00| 0 eng d |
| 040 ## - CATALOGING SOURCE | |
| Original cataloging agency | LK-CoDNM |
| Modifying agency | LK-CoDNM |
| Description conventions | LK-CoDNM |
| 041 ## - LANGUAGE CODE | |
| Language code of text/sound track or separate title | English |
| 080 ## - UNIVERSAL DECIMAL CLASSIFICATION NUMBER | |
| Universal Decimal Classification number | 9 |
| Item number | CC27 |
| 942 ## - ADDED ENTRY ELEMENTS (KOHA) | |
| Koha item type | Books |
| 100 ## - MAIN ENTRY--PERSONAL NAME | |
| Personal name | Edwin H., Colbert |
| 245 ## - TITLE STATEMENT | |
| Title | The Dinosaur book |
| 260 ## - PUBLICATION, DISTRIBUTION, ETC. (IMPRINT) | |
| Place of publication, distribution, etc. | London, New York & Toronto |
| Name of publisher, distributor, etc. | McGraw-Hill book co. |
| 300 ## - PHYSICAL DESCRIPTION | |
| Other physical details | 156p. : ill ; 26 cm |
| 650 ## - SUBJECT ADDED ENTRY--TOPICAL TERM | |
| Topical term or geographic name as entry element | Science |
| Withdrawn status | Lost status | Damaged status | Not for loan | Collection code | Permanent Location | Current Location | Shelving location | Date acquired | Full call number | Barcode | Koha item type |
|---|---|---|---|---|---|---|---|---|---|---|---|
| Damaged | Science | Library National Museum Colombo - Sri Lanka | Library National Museum Colombo - Sri Lanka | Reference | 2025-01-09 | 9 CC27 | OS1915 | Books |


